000
00260nam a22000977a 4500
999
_c
11377
_d
11377
008
190402b ||||| |||| 00| 0 eng d
020
_a
9788131804711
100
_a
Dixit,J.B.
_9
7115
245
_a
Information Practices-XI
260
_a
New Delhi
_b
Lakshmi Publications